000 00453nam a2200157 i 4500
001 100799
003 ES-MaACL
005 20230906182744.0
007 t|
008 051005s1973 sp ||||1| spa d
100 1 _aMateo Velasco, Victoriano.
_978969
245 1 0 _aNiños premiado en la Operación "Plus Ultra" /
_cVictoriano Mateo, S. M.
260 _aMadrid :
_bS.M.,
_c1973.
300 _a231 p. ;
_c21 cm.
852 _aES-MaACL
_jC-52060
_bR.85171
999 _c100799
_d100799